Smart materials in architecture, interior architecture and design /
Uloženo v:
| Hlavní autor: | |
|---|---|
| Další autoři: | , |
| Médium: | Kniha |
| Jazyk: | angličtina němčina |
| Vydáno: |
Basel :
Birkhäuser - Publishers for Architecture,
2007
|
| Vydání: | [1st ed.] |
| Témata: | |
| ISBN: | 9783764373276 |
| On-line přístup: |
|
| Tagy: |
Přidat tag
Žádné tagy, Buďte první, kdo vytvoří štítek k tomuto záznamu!
|
MARC
| LEADER | 00000nam a2200000 4500 | ||
|---|---|---|---|
| 003 | SK-BrCVT | ||
| 005 | 20220617224846.0 | ||
| 008 | 070926s2007 sz e ||||||eng d | ||
| 020 | |a 9783764373276 | ||
| 035 | |a CVTIDW1422792 | ||
| 040 | |b slo |a CVTI SR |e AACR2 | ||
| 041 | 1 | |a eng |h ger | |
| 044 | |a sz | ||
| 080 | |a 620.1:72 |2 UDC-MRF | ||
| 080 | |a 72.012 |2 UDC-MRF | ||
| 100 | 1 | |a Ritter, Axel |4 aut | |
| 242 | 1 | 0 | |a Moderné materiály v architektúre, interiérovej architektúre a navrhovaní |y slo |
| 245 | 1 | 0 | |a Smart materials in architecture, interior architecture and design / |c Axel Ritter ; editor: Andreas Müller ; translation: Raymond Peat |
| 250 | |a [1st ed.] | ||
| 260 | |a Basel : |b Birkhäuser - Publishers for Architecture, |c 2007 | ||
| 300 | |a 190 s. : |b fotogr., obr., tab. ; | ||
| 653 | 1 | |a materiál citlivý na svetlo |a kysličník titaničitý |a polymér |a elektroluminiscenčný materiál | |
| 700 | 1 | |a Müller, Andreas |4 edt | |
| 700 | 1 | |a Peat, Raymond |4 trl | |
| 910 | |a BA002 |b A603227 | ||
| 919 | |a 978-3-7643-7327-6 | ||
| 974 | |f Knihy | ||
| 992 | |a AMG | ||
| 999 | |c 158623 |d 158623 | ||

